| 000 | 00414nam a2200157Ia 4500 | ||
|---|---|---|---|
| 005 | 20241114024805.0 | ||
| 008 | 240331s9999 xx 000 0 und d | ||
| 020 | _a0140142231 | ||
| 082 |
_bRUS _a823 |
||
| 100 | _aRushdie, S | ||
| 245 | 0 | _aHaroun and the Sea of Stories | |
| 260 |
_aLondon _bGranta Books _c1990 |
||
| 300 | _a217 p ., | ||
| 500 | _aHaroun and the Sea of Stories is an adventure novel | ||
| 942 | _cL | ||
| 999 |
_c3311 _d3311 |
||